000 00563nam a22001817a 4500
005 20251108172246.0
008 250721s1977 xx 000 0 ara d
082 1 4 _a810.9/أحم
100 1 _aبدوي، أحمد أحمد
245 1 0 _aأسس النقد الأدبي عند العرب /
264 1 _aالقاهرة :
_bدار نهضة مصر للطبع و النشر،
_c1977.
300 _a694ص
650 1 7 _aالأدب العربي
650 1 7 _aالتاريخ الأدبي
650 1 7 _aالنقد الأدبي
942 _2ddc
_cBK
999 _c74448
_d74448